000 00591nam a22001817a 4500
005 20251108163352.0
008 250721s1974 xx 000 0 ara d
082 1 4 _a216,3/عبد
100 1 _aالعبادى، عبد السلام داود
245 1 0 _aالملكية في الشريعة الإسلامية :
_bطبيعتها و وظيفتها و قيودها /
264 1 _aعمان :
_bمكتبة الاقصى،
_c1974.
300 _a
650 1 7 _aالإسلام
650 1 7 _aالفقه
650 1 7 _aالمعاملات (فقه إسلامي)
942 _2ddc
_cBK
999 _c914
_d914